000
00304nam a2200133Ia 4500
005
20251222144758.0
008
251222s9999||||xx |||||||||||||| ||spa||
082
_a
338.479.1/H82
100
_a
Huauyón Dall´ Orto, José Luis
245
0
_a
Perú:
250
_a
1ra.ed.
264
_b
USMP
942
_c
LIB
999
_c
19614
_d
19614